Books by 2014 Film Quiz Stats

Quiz not verified by Sporcle

Challenge
Share
Tweet
Score 0/20 Timer 05:00
0 Plays Today
% Correct
Gone Girl
83.3%
American Sniper
76.7%
The Monuments Men
66.7%
Wild
66.7%
The Fault In Our Stars
63.3%
Divergent
60%
Mockingjay - Part 1
56.7%
The Maze Runner
50%
Unbroken
43.3%
The Hobbit: The Battle of the Five Armies
40%
% Correct
Labor Day
30%
Vampire Academy
25%
Winter's Tale
25%
This is Where I Leave You
23.3%
Inherent Vice
23.3%
The Giver
13.3%
The Hundred Foot Journey
11.7%
If I Stay
11.7%
Alan Turing: The Enigma
10%
A Long Way Down
8.3%

You're not logged in!

Compare scores with friends on all Sporcle quizzes.
Sign Up with Email
OR
Log In

Show Comments

Extras

Top Quizzes Today


Score Distribution

Your Account Isn't Verified!

In order to create a playlist on Sporcle, you need to verify the email address you used during registration. Go to your Sporcle Settings to finish the process.